000 01382nam a2200385Ia 4500
001 dia_6906
003 CHAP
005 20260223121544.0
007 ta
008 220117s19-- mx fr 000 0 spa d
040 _cCHAP
_amxchpua
_erda
090 _aV.C.10
_bM63
_c[19--]
245 1 0 _aAnteproyecto de una deshidratadora de frutas en el estado de Michoacán /
_ccoordinador Georgel Moctezuma ; colaboradores José Luis Arévalo B...[y otros]
260 _aChapingo, México :
_bEl autor,
_c[19--]
300 _a20 hojas
336 _2rdacontent
_atexto
_btxt
337 _2rdamedia
_ano mediado
_bn
338 _2rdacarrier
_avolumen
_bnc
500 _a7° año
502 _aViaje de Estudios
_b(Viaje corto) --
_cUACh. Departamento de Ingeniería Agroindustrial,
_d[19--]
650 1 3 _aAlimentos deshidratados
_9154330
650 1 3 _aFruta deshidratada
_9153716
650 1 3 _aIniciativa empresarial
_9148717
_zMéxico
_zMichoacán
650 1 3 _aDried foods
_9154331
650 1 3 _aDried fruit
_9153714
650 1 3 _aEntrepreneurship
_9148716
_zMexico
_zMichoacán
700 1 _aMoctezuma López, Georgel
_ecoordinador
_976402
700 1 _aArévalo Benitez, José Luis
_9162718
901 _aV.C.10 M63 [19--]
902 _aM
905 _a533221 MX 8123223321SPA16
942 _2local
942 _cVE
999 _c178962
_d178962